000 00581nam a2200193Ia 4500
003 GCL
008 140319s9999 xx 000 0 ara d
040 _aGCL /
_cGCL
082 0 4 _a956
_bع ص
100 1 _aعماد لطفى ماكس
245 1 0 _aالصهيونية: عدو السلام والتقدم الاجتماعى /
_cعماد لطفى ماكس
300 _a259
490 _a100 قصة
_v0
650 0 4 _aاسرائيل
650 0 4 _aالصهيونية
650 0 4 _aالدعاية الصهيونية
650 0 4 _aالصهيونية - تاريخ
942 _2ddc
_cBK
999 _c46699
_d46699